| 000 | 02401nam0a2200397 4500 | ||
|---|---|---|---|
| 001 | RU\NLR\BIBL_A\012576319 | ||
| 005 | 20260607075927.0 | ||
| 010 |
_a978-5-9756-0239-8 _95000 |
||
| 021 |
_aRU _bКН-П-21-022597 _9КН-П-21-1759 |
||
| 035 | _a(NLR Aleph) 012576319 | ||
| 090 |
_a12507504 _c12507504 |
||
| 100 | _a20210806d2021 k y0rusy50 ca | ||
| 101 | 0 |
_arus _aara _cara _deng |
|
| 102 | _aRU | ||
| 105 | _ay|||z|||000zy | ||
| 181 | 0 |
_ai _baxxe |
|
| 182 | 0 | _an | |
| 200 | 1 |
_aО положении женщины в шариате и обществе _fАт-Тахир ал-Хаддад _gпереводчик и ответственный редактор: Ф. О. Нофал _gЧастное учреждение - образовательная организация высшего образования Московский исламский институт, Федеральное государственное бюджетное образовательное учреждение высшего профессионального образования "Санкт-Петербургский государственный университет", Центр иссламских исследований |
|
| 203 |
_aТекст _bвизуальный _cнепосредственный |
||
| 210 |
_aМосква _cМедина _d2021 |
||
| 215 |
_a176, [8] с. _d25 |
||
| 225 | 1 |
_aВозрождение и обновление _iМыслители XIX века _vкн. 10 |
|
| 225 | 1 |
_aСерия "Возрождение и обновление" _fглавный редактор: канд. полит. наук, д-р теологии, проф. Дамир Мухетдинов |
|
| 300 | _aНа 4-й с. обл. авт.: Ат-Тахир Б. `Али Б. Балакассим Ал-Хаддад - богослов, правовед | ||
| 300 | _aЧасть текста араб. | ||
| 300 | _aРез. англ. | ||
| 320 | _aБиблиогр. в подстроч. примеч. | ||
| 500 | 1 | 0 | _aКоран |
| 606 | 1 |
_aЖенщина и ислам _91189611 _3RU\NLR\AUTH\66479925 |
|
| 686 | 1 | _aЭ38-112.67 | |
| 700 | 1 |
_7ca _8rus _aХаддад _bА.-Т. ал- _f1889-1935 _gАт-Тахир ал- _3RU\NLR\AUTH\770234941 _9234885 |
|
| 942 | _cBOOK | ||
| 980 | _aNB | ||